01012nam a2200277Ia 450000500170000000800270001702000180004408200200006210000320008224500670011425000200018130000400020150000300024165000490027165000600032065000490038065000460042965100500047594200120052526400590053733600270059633700330062333800280065604000350068499900150071920220317000409.0141031s9999 ck 000 0 spa d a978958829635704a712.09861bM17b1 aMartínez Concha, Santiago10aBogotábdibujos en luz y sombrascSantiago Martínez Concha a1a. editoción a159 páginasbilustracionesc32 cm aIncluye índice de obras142LEMBaPaisajeszBogotá (Colombia)vDibujos142LEMBaSitios históricoszBogotá (Colombia)vDibujos142LEMBaDibujo colombianozBogotá (Colombia)142LEMBaDibujo a plumazBogotá (Colombia)14aBogotá (Colombia)xHistoriavDibujos915013 2ddccBK aBogotábEdiciones gato azulbCangrejo Editoresc2011 atextobtxt2rdacontent asin mediaciónbn2rdamedia avolumenbnc2rdacarrier aCO-BoRNBPbspaerdacCO-BoRNBP c3924d3924